00947nac a22002651u 4500010001600000020001500016020001500031082001500046090001500061100003400076245007000110250004200180260003100222300004000253500007500293500004000368504006000408650002000468650001500488700002200503700002200525942001700547999001500564952010200579 a 91030112 a0471528099 a047117987600a690bP2381 c4292d4292 aParker, Harry, 10aSimplified site engineering /cHarry Parker and John W. MacGuire. a2nd ed. /bprepared by James Ambrose. aNew York :bWiley,cc1991. axiv, 178 p. :bill., maps ;c26 cm. aRev. ed. of: Simplified engineering for architects and builders. 1954. a"A Wiley-Interscience publication." aIncludes bibliographical references (p. 145) and index. 0aBuilding sites. 0aSurveying.1 aMacGuire, John W.1 aAmbrose, James E. cBBk690P2381 c4292d4292 00104070aMAINbMAINc1STd2007-09-03ePurchasel1o690 PARp000005253r2025-07-15 00:00:00yBB